| Tag |
First Indicator |
Second Indicator |
Subfields |
| LEADER |
00000cam a22000004a 4500 |
| 001 |
in00001755152 |
| 005 |
20151025054910.0 |
| 008 |
021217s2003 mduab b 001 0 eng |
| 010 |
|
|
|a 2002032788
|
| 020 |
|
|
|a 0761824901 (pbk. : alk. paper)
|
| 035 |
|
|
|a (OCoLC)ocm51266028
|
| 040 |
|
|
|a DLC
|c DLC
|d TXA
|d UtOrBLW
|
| 042 |
|
|
|a pcc
|
| 043 |
|
|
|a n-us---
|
| 049 |
|
|
|a TXAM
|
| 050 |
0 |
0 |
|a JK421
|b .K33 2003
|
| 082 |
0 |
0 |
|a 352.3/67/0973
|2 21
|
| 100 |
1 |
|
|a Kahn, Lynn Sandra,
|d 1946-
|
| 245 |
1 |
0 |
|a Results at the edge :
|b the ten rules of government reform /
|c Lynn Sandra Kahn.
|
| 264 |
|
1 |
|a Lanham, Md. :
|b University Press of America,
|c [2003]
|
| 264 |
|
4 |
|c ©2003
|
| 300 |
|
|
|a viii, 187 pages :
|b illustrations, maps ;
|c 23 cm.
|
| 336 |
|
|
|a text
|b txt
|2 rdacontent
|
| 337 |
|
|
|a unmediated
|b n
|2 rdamedia
|
| 338 |
|
|
|a volume
|b nc
|2 rdacarrier
|
| 504 |
|
|
|a Includes bibliographical references (pages [171]-181) and index.
|
| 650 |
|
0 |
|a Administrative agencies
|z United States
|x Management.
|
| 650 |
|
0 |
|a Organizational change
|z United States.
|
| 948 |
|
|
|a cataloged
|b h
|c 2003/5/14
|d c
|e dmitchel
|f 10:32:30 am
|
| 994 |
|
|
|a E0
|b TXA
|
| 999 |
|
|
|a MARS
|
| 999 |
f |
f |
|s 4ce8e8d3-ca99-3f22-85f6-880fd3db5cca
|i d1333d95-3bdb-39df-aaed-74d09e93fac0
|t 0
|
| 952 |
f |
f |
|p ric
|a Texas A&M University
|b Rellis Campus
|c Joint Library Facility
|d Remote Storage
|t 0
|e JK421 .K33 2003
|h Library of Congress classification
|i unmediated -- volume
|m A14830115492
|
| 998 |
f |
f |
|a JK421 .K33 2003
|t 0
|l Remote Storage
|